000
00323nam a2200109Ia 4500
008
171204s9999 xx 000 0 und d
245
_a
Fundamental Food Microbiology:
245
_c
Arun Bhunia and Bibek Ray
260
_c
2013
650
_x
Microbiology & Parasitology
856
_u
http://down.ebook777.com/024/FunFooMic.pdf
999
_c
346385
_d
346385